000 00297nam a22001337a 4500
008 171227b xxu||||| |||| 00| 0 eng d
020 _a9780673398765
041 _aeng
080 _a82
100 _a21
101 _aGJL
245 _aTYPES OF DRAMA PLAYS & ESSAYS
_cBARNET,S
942 _2udc
_cBK
999 _c39463
_d39463